[Event "Challenge"]
[Site "http://www.queenalice.com/game.php?id=105726"]
[Date "2006.9.14"]
[Round "-"]
[White "xmas"]
[Black "hugohuguito"]
[Result "1-0"]
[WhiteElo "1271"]
[BlackElo "1277"]

1. e4 e5 2. Bc4 Qe7 3. Nc3 h5 4. Nd5 Qc5 5. d3 h4 6. Be3 Qa5+ 7. c3 Nf6 8. Nf3
Rh5 9. Ng5 Nc6 10. Nxc7+ Qxc7 11. Bxf7+ Kd8 12. Bxh5 Qa5 13. Nf7+ Ke7 14. O-O d6
15. Bg5 Bg4 16. Bxg4 Kxf7 17. Bxh4 g6 18. Qb3+ d5 19. Bxf6 Kxf6 20. exd5 Ne7 21.
Qxb7 Rd8 22. Bf3 Bh6 23. b4 Qb6 24. Qxb6+ axb6 25. c4 Rh8 26. d6 Nf5 27. c5 Bf4
28. d7 Bxh2+ 29. Kh1 Bf4+ 30. Kg1 g5 31. c6 Ne7 32. c7 Kf5 33. d8=Q Bh2+ 34. Kh1
Ng6 35. Qxh8 Nxh8 36. Kxh2 g4 37. c8=Q+ Kf6 38. Qxh8+ Ke6 39. Bxg4+ Kd5 40. Qd8+
Kc6 41. Qd7# 1-0

[Event "Challenge"]
[Site "http://www.queenalice.com/game.php?id=105795"]
[Date "2006.9.14"]
[Round "-"]
[White "hugohuguito"]
[Black "arniecoruja"]
[Result "0-1"]
[WhiteElo "1333"]
[BlackElo "1356"]

1. e4 d5 2. Bd3 d4 3. c3 Nf6 4. Qa4+ Bd7 5. Qa3 dxc3 6. bxc3 Bc6 7. Nh3 Qxd3 8.
g4 Bb5 9. Nf4 Qxe4+ 10. Kd1 Qxh1+ 11. Kc2 Qe4+ 12. d3 Bxd3+ 13. Nxd3 Qxg4 14.
Qb3 Qe4 15. Nd2 Qd5 16. c4 Qc6 17. Ba3 e6 18. c5 Nbd7 19. Re1 Bxc5 20. Bb2 Bxf2+
21. Kd1 Bxe1 22. Kxe1 Qh1+ 23. Ke2 Qxh2+ 24. Ke3 Qh3+ 25. Nf3 Ng4+ 26. Kf4 Nh2
27. Ng5 Qg4+ 28. Ke3 Qxg5+ 29. Ke4 Nc5+ 30. Nxc5 Qxc5 31. Bxg7 Rg8 32. Bf6 Qf5+
0-1

[Event "AUTO-BEG-27"]
[Site "http://www.queenalice.com/game.php?id=106029"]
[Date "2006.9.15"]
[Round "1"]
[White "juve_leo"]
[Black "hugohuguito"]
[Result "1-0"]
[WhiteElo "1443"]
[BlackElo "1263"]

1. d4 d5 2. c4 e6 3. Nf3 Na6 4. Bf4 Bb4+ 5. Bd2 f6 6. Bxb4 Nxb4 7. Nc3 c6 8. e4
dxe4 9. Nxe4 Qa5 10. Nfd2 e5 11. dxe5 Bf5 12. Nd6+ Kf8 13. Nxf5 Re8 14. Qg4 Qc7
15. e6 Rxe6+ 16. Be2 Nc2+ 17. Kd1 Nxa1 18. Re1 Ke8 19. Nxg7+ Ke7 20. Qxe6+ Kd8
21. Qe8# 1-0

[Event "AUTO-BEG-27"]
[Site "http://www.queenalice.com/game.php?id=106030"]
[Date "2006.9.15"]
[Round "1"]
[White "hugohuguito"]
[Black "juve_leo"]
[Result "0-1"]
[WhiteElo "1261"]
[BlackElo "1451"]

1. e4 c5 2. e5 Nc6 3. d4 cxd4 4. Nf3 e6 5. Nxd4 Nxd4 6. Qxd4 d5 7. Nc3 b6 8.
Bb5+ Bd7 9. h4 Bc5 10. Qf4 d4 11. Ne4 Bxb5 12. Ng5 Nh6 13. Rh3 O-O 14. h5 d3 15.
Qe4 Nf5 16. Rf3 dxc2 17. Rxf5 Qd1# 0-1

[Event "AUTO-BEG-27"]
[Site "http://www.queenalice.com/game.php?id=106045"]
[Date "2006.9.15"]
[Round "1"]
[White "hugohuguito"]
[Black "MusicMan"]
[Result "0-1"]
[WhiteElo "1313"]
[BlackElo "1287"]

1. d4 f5 2. d5 Nf6 3. Nc3 b6 4. e3 Bb7 5. Bc4 Ne4 6. Qf3 Nxc3 7. bxc3 e6 8. g4
Be7 9. gxf5 O-O 10. dxe6 Bxf3 11. Nxf3 Rxf5 12. Be2 dxe6 13. Ne5 Rxe5 14. Rg1
Qd7 15. Bb2 Rg5 0-1

[Event "AUTO-BEG-27"]
[Site "http://www.queenalice.com/game.php?id=106046"]
[Date "2006.9.15"]
[Round "1"]
[White "MusicMan"]
[Black "hugohuguito"]
[Result "1-0"]
[WhiteElo "1304"]
[BlackElo "1296"]

1. Nf3 f6 2. g3 d5 3. Bg2 d4 4. O-O h5 5. Nh4 Rh6 6. d3 g5 7. Nf3 Qd5 8. Nxg5
Qf5 9. Nf3 Rh7 10. Nxd4 Qg4 11. f3 Qxd4+ 12. Kh1 h4 13. e3 Qe5 14. Kg1 h3 15. f4
1-0

[Event "Challenge"]
[Site "http://www.queenalice.com/game.php?id=106158"]
[Date "2006.9.15"]
[Round "-"]
[White "hugohuguito"]
[Black "xmas"]
[Result "1-0"]
[WhiteElo "1261"]
[BlackElo "1315"]

1. d4 b6 2. d5 Bb7 3. e4 Nf6 4. Nc3 e6 5. Bg5 Be7 6. Nh3 exd5 7. Nxd5 Nxd5 8.
exd5 Bxg5 9. d6 c6 10. Qg4 h6 11. f4 f6 12. Qe2+ Kf7 13. fxg5 fxg5 14. Qc4+ Kg6
15. Bd3+ Kf6 16. Rf1+ Ke5 17. Qe4+ Kxd6 18. O-O-O Kc7 19. Qe5+ Kc8 20. Rf7 Qe8
21. Qf5 c5 22. Bb5 Qe3+ 23. Rd2 Qg1+ 24. Nxg1 Bxg2 25. Bxd7+ Nxd7 26. Qxd7+ Kb8
27. Qc7# 1-0

[Event "AUTO-OPEN-388"]
[Site "http://www.queenalice.com/game.php?id=106209"]
[Date "2006.9.15"]
[Round "1"]
[White "serapio"]
[Black "hugohuguito"]
[Result "1-0"]
[WhiteElo "1416"]
[BlackElo "1280"]

1. e4 e5 2. Nf3 Qf6 3. g3 d5 4. Qe2 d4 5. Bg2 Nh6 6. O-O Ng4 7. Qb5+ Bd7 8. Qxb7
Bc6 9. Qc8+ Qd8 10. Qxg4 h5 11. Qf5 Bd7 12. Qxe5+ Be7 13. Qxg7 Rf8 14. d3 Bf6
15. Qh6 Rh8 16. Qf4 h4 17. h3 hxg3 18. Qxg3 Nc6 19. e5 Bxh3 20. exf6 Qxf6 21.
Bg5 Qf5 22. Re1+ Kf8 23. Nh4 1-0

[Event "AUTO-OPEN-388"]
[Site "http://www.queenalice.com/game.php?id=106210"]
[Date "2006.9.15"]
[Round "1"]
[White "hugohuguito"]
[Black "serapio"]
[Result "0-1"]
[WhiteElo "1332"]
[BlackElo "1100"]

1. d4 d5 2. Bf4 Nc6 3. e3 g6 4. Nc3 Be6 5. e4 dxe4 6. Nxe4 Qd5 7. Nc3 Nxd4 8.
Nh3 Bf5 9. b3 Rd8 10. Nxd5 Rxd5 11. c4 Nc2+ 12. Ke2 Rxd1 13. Rxd1 Bg7 14. Kf3 e5
15. Bg5 Nd4+ 16. Ke3 Nc2+ 17. Kf3 f6 18. Be3 Nh6 19. Rd5 O-O 20. c5 Be6 21. Rd3
Ne1+ 22. Ke2 Nxd3 23. Kxd3 Rd8+ 24. Ke4 Bf5+ 25. Kf3 g5 26. Ng1 Bg4+ 27. Ke4 f5#
0-1

[Event "AUTO-OPEN-388"]
[Site "http://www.queenalice.com/game.php?id=106223"]
[Date "2006.9.15"]
[Round "1"]
[White "erickeek"]
[Black "hugohuguito"]
[Result "1-0"]
[WhiteElo "1608"]
[BlackElo "1280"]

1. e4 d5 2. e5 d4 3. Qf3 Nh6 4. Bb5+ c6 5. Bc4 Nd7 6. Qe4 Nc5 7. Qf3 e6 8. d3
Qa5+ 9. Kd1 f6 10. Bd2 Qc7 11. Bxh6 gxh6 12. Qxf6 Rg8 13. g3 1-0

[Event "AUTO-OPEN-388"]
[Site "http://www.queenalice.com/game.php?id=106224"]
[Date "2006.9.15"]
[Round "1"]
[White "hugohuguito"]
[Black "erickeek"]
[Result "0-1"]
[WhiteElo "1315"]
[BlackElo "1500"]

1. d4 Nf6 2. d5 e6 3. Nc3 exd5 4. Nxd5 c6 5. Nxf6+ Qxf6 6. Nh3 Bb4+ 7. c3 Bc5 8.
e3 d5 9. c4 d4 10. e4 Bxh3 11. gxh3 d3 12. Bxd3 Qxf2# 0-1

[Event "AUTO-INT-171"]
[Site "http://www.queenalice.com/game.php?id=106242"]
[Date "2006.9.15"]
[Round "1"]
[White "naldinho"]
[Black "hugohuguito"]
[Result "1-0"]
[WhiteElo "1382"]
[BlackElo "1313"]

1. e3 d5 2. c4 c6 3. Qb3 e6 4. Nc3 h5 5. cxd5 Rh6 6. Ne4 exd5 7. Nc3 d4 8. exd4
Qxd4 9. Nf3 Qc5 10. d4 Qa5 11. Bxh6 Nxh6 12. Qa3 1-0

[Event "AUTO-INT-171"]
[Site "http://www.queenalice.com/game.php?id=106243"]
[Date "2006.9.15"]
[Round "1"]
[White "hugohuguito"]
[Black "naldinho"]
[Result "0-1"]
[WhiteElo "1313"]
[BlackElo "1401"]

1. e4 e6 2. Bc4 Qh4 3. Nh3 Qxe4+ 4. Be2 Qxg2 5. Rg1 Qxh3 6. Rg3 Qxh2 7. Bg4 Bc5
8. d4 Bb6 9. Re3 Nf6 10. b3 Nc6 11. Ba3 Bxd4 0-1

[Event "AUTO-INT-171"]
[Site "http://www.queenalice.com/game.php?id=106256"]
[Date "2006.9.15"]
[Round "1"]
[White "juve_leo"]
[Black "hugohuguito"]
[Result "1-0"]
[WhiteElo "1637"]
[BlackElo "1278"]

1. d4 d5 2. c4 e6 3. Nf3 f6 4. Bf4 Na6 5. g3 Nh6 6. Bg2 e5 7. dxe5 Bb4+ 8. Nc3
d4 9. Nxd4 O-O 10. Bxh6 f5 11. Bd5+ Kh8 12. Bf4 Bd7 13. e6 Nc5 14. exd7 Qxd7 15.
O-O Rae8 16. a3 Bxc3 17. bxc3 g5 18. Bxg5 c6 19. Bg2 f4 20. gxf4 Ne6 21. Nxe6
Qxe6 22. Qd4+ Kg8 23. Rad1 h6 24. Bh4 Qg6 25. c5 1-0

[Event "AUTO-INT-171"]
[Site "http://www.queenalice.com/game.php?id=106257"]
[Date "2006.9.15"]
[Round "1"]
[White "hugohuguito"]
[Black "juve_leo"]
[Result "0-1"]
[WhiteElo "1280"]
[BlackElo "1635"]

1. d4 d5 2. Nh3 Nc6 3. Bf4 Bf5 4. Na3 h6 5. Qd2 Nf6 6. O-O-O Qd7 7. Nb5 Rc8 8.
e4 Nxe4 9. Qe3 Nb4 10. Qa3 Nxc2 11. Kxc2 Nxf2+ 12. Kd2 Nxh1 13. Re1 e6 14. Qxa7
Bb4+ 15. Nc3 O-O 16. Bg3 c6 17. Nf4 c5 18. Nh5 cxd4 19. Bb5 dxc3+ 20. bxc3 Bxc3+
21. Ke2 Qxb5+ 22. Kf3 Bxe1 23. Bxe1 Qd3+ 24. Qe3 Be4+ 0-1

[Event "AUTO-INT-171"]
[Site "http://www.queenalice.com/game.php?id=106266"]
[Date "2006.9.15"]
[Round "1"]
[White "hugohuguito"]
[Black "jcbraga"]
[Result "0-1"]
[WhiteElo "1255"]
[BlackElo "1438"]

1. d4 d5 2. Bf4 Nc6 3. c3 f6 4. e3 e5 5. Bg3 Bd6 6. dxe5 Bxe5 7. Bd3 Nge7 8. Nf3
Bxg3 9. hxg3 Bf5 10. Nd4 Bxd3 11. Qxd3 h6 12. Nd2 Ne5 13. Qb5+ N7c6 14. O-O-O
Rb8 15. f4 a6 16. Ne6 axb5 17. Nxd8 Rxd8 0-1

[Event "AUTO-INT-171"]
[Site "http://www.queenalice.com/game.php?id=106267"]
[Date "2006.9.15"]
[Round "1"]
[White "jcbraga"]
[Black "hugohuguito"]
[Result "1-0"]
[WhiteElo "1420"]
[BlackElo "1276"]

1. e4 e5 2. Nf3 Qf6 3. Bc4 Nh6 4. d3 g5 5. Bxg5 Qb6 6. Bb3 Ng4 7. O-O h6 8. Bh4
Be7 9. Bxe7 Kxe7 10. h3 Ne3 11. fxe3 Rg8 12. Nxe5 Nc6 13. Nxc6+ bxc6 14. Rxf7+
Kd6 15. e5+ Kxe5 16. Re7+ Kd6 17. Rh7 1-0

[Event "Challenge"]
[Site "http://www.queenalice.com/game.php?id=106507"]
[Date "2006.9.16"]
[Round "-"]
[White "Luisar_Colegiao"]
[Black "hugohuguito"]
[Result "1-0"]
[WhiteElo "1500"]
[BlackElo "1313"]

1. e4 e5 2. Nc3 c6 3. f4 d6 4. Nf3 Bg4 5. h3 Bxf3 6. Qxf3 Qh4+ 7. g3 Qf6 8. d3
Nd7 9. h4 O-O-O 10. Be3 d5 11. exd5 h5 12. O-O-O Nh6 13. dxc6 Qxc6 14. Qxh5 Qxh1
15. Ne4 f5 16. Qg6 Ng4 17. Qxf5 Nxe3 18. Qe6 Qh2 19. Rd2 Qg1 20. Rf2 exf4 21.
gxf4 1-0

[Event "Challenge"]
[Site "http://www.queenalice.com/game.php?id=106670"]
[Date "2006.9.16"]
[Round "-"]
[White "xmas"]
[Black "hugohuguito"]
[Result "1-0"]
[WhiteElo "1290"]
[BlackElo "1333"]

1. e4 e5 2. Nf3 g6 3. Nxe5 Qf6 4. d4 c5 5. c3 Bd6 6. Ng4 Qh4 7. e5 Bc7 8. g3 Qh5
9. Be2 d5 10. Nf6+ Ke7 11. Nxd5+ Kd8 12. Bxh5 gxh5 13. Qxh5 cxd4 14. Qh4+ Kd7
15. cxd4 Nc6 16. Qg4+ Kd8 17. Qg7 Nxe5 18. dxe5 Bh3 19. Bg5+ Kd7 20. Qxh8 Ba5+
21. Ndc3 Re8 22. Bf4 Ne7 23. Qxh7 Ke6 24. Qxh3+ f5 25. O-O Rd8 26. Qh6+ Kd7 27.
Qd6+ Ke8 28. Qh6 Ng8 29. Qg6+ Kd7 30. Qxf5+ Kc6 31. Nd2 Ne7 32. Qe6+ 1-0